Hodnotenie logistického systému podniku
Logistický audit ako metóda pre vyhodnotenie výkonnosti logistického systému podniku. Postup logistického auditu. Členenie činností pracovníka logistiky.
Uložené v:
| Hlavný autor: | |
|---|---|
| Ďalší autori: | |
| Médium: | Kapitola |
| Jazyk: | Slovak |
| Predmet: | |
| Tagy: |
Žiadne tagy, Buďte prvý, kto otaguje tento záznam!
|
MARC
| LEADER | 00000naa a2200000 4500 | ||
|---|---|---|---|
| 001 | 0226920 | ||
| 005 | 20231208114754.1 | ||
| 041 | 0 | |a slo | |
| 044 | |a SK | ||
| 245 | 1 | 0 | |a Hodnotenie logistického systému podniku |c Ľudmila Závodská, Miroslav Rakyta |
| 520 | |a Logistický audit ako metóda pre vyhodnotenie výkonnosti logistického systému podniku. Postup logistického auditu. Členenie činností pracovníka logistiky. | ||
| 610 | 2 | 0 | |a audit |
| 610 | 2 | 0 | |a audítori |
| 610 | 2 | 0 | |a podnik logistický |
| 610 | 2 | 0 | |a systémy logistické |
| 610 | 2 | 0 | |a prostredie podnikové |
| 610 | 2 | 0 | |a výkonnosť podniku |
| 610 | 2 | 0 | |a výkony podnikové |
| 100 | 1 | |a Závodská, Ľudmila | |
| 700 | 1 | |a Rakyta, Miroslav | |